Statistics for Premier League Teams 23/24 - Liverpool

Click here to take the quiz!

General Stats

  • This quiz has been taken 23 times
  • The average score is 9 of 21

Answer Stats

QuestionAnswer% Correct
What is the name of their stadium?Anfield
100%
What is the colour of their home kit?Red
100%
What is their nickname?The Reds
95%
Who is their head Coach?Jürgen Klopp
90%
Their biggest loss was against Birmingham City 1954. What was the score?1-9
85%
How many top division titles have they won?19
85%
Which team is their closest rival?Everton
85%
Which year did they win their most recent top division title?2020
80%
With 346 goals, who is their record goal scorer?Ian Rush
55%
Which company sponsors their kit?Standard Chartered
45%
Their record home attendance was against Wolverhampton Wanderers 1952, how many were there. (To the nearest 1,000)61,905
25%
How many consecutive seasons in the top division?62
20%
Who is the owner of the club? (If more than one owner, use the person/company with the majority stake)Fenway Sports Group
20%
With 857 games, who has played the most for them?Ian Callaghan
20%
Their youngest first team player was only 16 years, 6 days. What was his name?Jerome Sinclair
10%
What is their motto?Deus Nobis Haec Otia Fecit
5%
...and what does it mean in English?God hath granted us this ease
5%
Their record cup win was 11-0 1974. Who was it against?Strømsgodset
5%
Their oldest first team player was 41 years, 165 days. Who was it?Ned Doig
0%
Their record league win was 10-1 in 1896. Who was it against?Rotherham Town
0%
Who is the chairman?Tom Werner
0%

Score Distribution

Percentile by Number Answered

Percent of People with Each Score

Your Score History

You have not taken this quiz